Football - Ils ont joué à l'OM et au PSG. - Statistiques

Statistiques générales
  • Ce quiz a été pris 78 fois
  • Le résultat moyen est 6 sur 30
Statistiques - réponses
Poste Années à l'OM Années au PSG ANSWER % Correct
Milieu relayeur 2024- 2012-2019 Adrien Rabiot
67%
Milieu de terrain, Défenseur 2015-2017 2018-2019 Lassana Diarra
57%
Milieu offensif 2008-2011 2016-2018 Hatem Ben Arfa
48%
Défenseur 2009-2011 2001-2004 Gabriel Heinze
36%
Gardien 1995-1997 2001-2008 Jérôme Alonzo
36%
Milieu de terrain, Défenseur 2005-2009 2003-2005 Lorik Cana
33%
Défenseur 2000-2002 2007-2015 Zoumana Camara
32%
Milieu offensif,Attaquant 2004-2007 2002-2004 Fabrice Fiorèse
25%
Milieu de terrain 2009-2011 1997-2007 Édouard Cissé
22%
Attaquant, milieu de terrain 2004-2007 2007-2012 Péguy Luyindula
20%
Attaquant 2000-2001 1992-1995 George Weah
19%
Milieu défensif 1997-1998 2008-2011 Claude Makélélé
17%
Défenseur, Milieu de terrain 2004-2006 2000-2004 Frédéric Déhu
16%
Milieu offensif 2000-2002 1995-2000 Jérôme Leroy
14%
Milieu de terrain 2006-2009 2003-2006 Modeste M'bami
14%
Attaquant, Milieu de terrain 1998-1999 1989-1996 Daniel Bravo
13%
Milieu relayeur 2009-2011 2000-2002 Fabrice Abriel
13%
Milieu de terrain 1998-2000 2000-2001 Peter Luccin
13%
Milieu de terrain 1999-2000 2000 Stéphane Dalmat
13%
Défenseur 1997-1999 1991-1996 Patrick Colleter
12%
Défenseur 2000-2002 1995-1998 Bruno N'Gotty
9%
Attaquant 1998-2002 1997-1998 Florian Maurice
9%
Attaquant 1999-2002 1997 Cyrille Pouget
7%
Défenseur, milieu défensif 1988-1991 1991-1993 Bruno Germain
6%
Attaquant 1999 2000-2003 Kaba Diawara
6%
Attaquant 2001-2002 1991-1996 Pascal Nouma
6%
Milieu de terrain 2001-2002 2002-2004 André Luiz Moreira
4%
Milieu défensif 1990-1991 1991-1994 Laurent Fournier
4%
Milieu de terrain 1997-1998 1996 Djamel Belmadi
3%
Milieu offensif 1996-1998 1999-2000 Xavier Gravelaine
3%
Aucun quiz correspondant
Distribution des résultats
% des personnes avec chaque résultat
Percentile par nombre de réponses
Votre historique - résultats
Vous n’avez pas pris ce quiz